[Event "ESP-chT Rapid"]
[Site "Ubeda"]
[Date "2023.09.23"]
[Round "1.8"]
[White "Garcia Sobrino, David"]
[Black "Gonzalez Terol, Enrique"]
[Result "1-0"]
[WhiteElo "2141"]
[BlackElo "1846"]
[PlyCount "77"]
[EventDate "2023.09.23"]
[EventType "team-swiss (rapid)"]
[EventRounds "9"]
[EventCountry "ESP"]
[SourceTitle "EXT 2024"]
[Source "ChessBase"]
[SourceDate "2023.10.10"]
[SourceVersion "1"]
[SourceVersionDate "2023.10.10"]
[SourceQuality "1"]
[WhiteTeam "Pola Paz Estratexia"]
[BlackTeam "Quart"]
[WhiteTeamCountry "ESP"]
[BlackTeamCountry "ESP"]

1. e4 c5 2. Nf3 Nc6 3. d4 cxd4 4. Nxd4 Nf6 5. Nc3 e5 6. Ndb5 h6 7. Nd6+ Bxd6 8. Qxd6 Qe7 9. Qd1 0-0 10. Bd3 d6 11. 0-0 Be6 12. f4 exf4 13. Bxf4 Ne5 14. Qe2 Rad8 15. Kh1 Ng6 16. Bg3 Nd7 17. Nb5 Nde5 18. Nxa7 Nxd3 19. cxd3 Ra8 20. Nb5 Rfd8 21. a4 Ne5 22. Nd4 Bg4 23. Qe3 Qd7 24. b3 Rac8 25. h3 Bh5 26. Bh4 Re8 27. Nf5 Bg6 28. Qd4 Bxf5 29. exf5 f6 30. Qd5+ Qf7 31. Qxd6 Red8 32. Qe6 Nxd3 33. Rad1 Nc5 34. Rxd8+ Rxd8 35. Qb6 Qe7 36. Re1 Qf8 37. a5 Rb8 38. Bg3 Nd7 39. Qe6+ 1-0

[Event "Guimaraes op 3rd"]
[Site "Guimaraes"]
[Date "2019.08.31"]
[Round "5"]
[White "Andrade, Ricardo Sarmento"]
[Black "Garcia Sobrino, David"]
[Result "1-0"]
[WhiteElo "1756"]
[BlackElo "2195"]
[PlyCount "83"]
[EventDate "2019.08.28"]
[EventType "swiss"]
[EventRounds "7"]
[EventCountry "POR"]
[SourceTitle "EXT 2020"]
[Source "ChessBase"]
[SourceDate "2019.10.17"]
[SourceVersion "1"]
[SourceVersionDate "2019.10.17"]
[SourceQuality "1"]

1. d4 e6 2. c4 Nf6 3. Nc3 Bb4 4. Qc2 0-0 5. e4 Bxc3+ 6. bxc3 d6 7. e5 dxe5 8. dxe5 Nfd7 9. Nf3 h6 10. Be2 Nc6 11. Bf4 g5 12. Bg3 g4 13. Nd4 Ncxe5 14. Rd1 Qg5 15. h3 Nf6 16. hxg4 Nexg4 17. Bxc7 e5 18. Nf3 Bf5 19. Qb2 Qg7 20. Qxb7 Nxf2 21. Kxf2 Be4 22. Qa6 Rac8 23. Bd6 Rfe8 24. c5 Bc6 25. Rh3 Ne4+ 26. Kg1 Nxc3 27. Bxe5 Nxe2+ 28. Qxe2 Bxf3 29. Qxf3 Qxe5 30. Rxh6 Rxc5 31. Qg4+ Qg7 32. Qh4 Rc2 33. Qh3 Rce2 34. Rd3 Qa1+ 35. Kh2 Qe5+ 36. Rg3+ Kf8 37. Qh4 Rxg2+ 38. Kxg2 Qe2+ 39. Kh1 Qf1+ 40. Rg1 Qf3+ 41. Rg2 Re1+ 42. Qxe1 1-0

[Event "ESP-ch rapid"]
[Site "Linares"]
[Date "2019.08.24"]
[Round "1"]
[White "Garcia Sobrino, David"]
[Black "Camacho Collados, Marcos"]
[Result "0-1"]
[WhiteElo "2195"]
[BlackElo "2401"]
[PlyCount "92"]
[EventDate "2019.08.24"]
[EventType "swiss (rapid)"]
[EventRounds "9"]
[EventCountry "ESP"]
[SourceTitle "EXT 2020"]
[Source "ChessBase"]
[SourceDate "2019.10.17"]
[SourceVersion "1"]
[SourceVersionDate "2019.10.17"]
[SourceQuality "1"]

1. e4 e5 2. Nf3 Nc6 3. Nc3 Nf6 4. d4 exd4 5. Nxd4 d6 6. Bg5 Be7 7. Qd2 0-0 8. f3 Nxe4 9. Bxe7 Nxd2 10. Bxd8 Nxd4 11. Kxd2 Rxd8 12. Bd3 c6 13. Rhe1 Be6 14. Ne4 h6 15. Ng3 c5 16. c3 Nc6 17. f4 c4 18. Bc2 Re8 19. f5 Bd5 20. f6 g6 21. Rf1 Bxg2 22. Rf2 Bd5 23. h4 h5 24. Raf1 Ne5 25. Rf4 Rad8 26. Ne2 Ng4 27. Bxg6 Rxe2+ 28. Kxe2 fxg6 29. f7+ Kf8 30. b3 Ne5 31. Rd1 Bxf7 32. bxc4 b6 33. c5 bxc5 34. Rb1 Rd7 35. Rb8+ Kg7 36. a4 Bc4+ 37. Kd2 Be6 38. a5 Nc4+ 39. Kc2 Bf5+ 40. Rxf5 gxf5 41. a6 Kf6 42. Rb7 Ke6 43. Kd3 Ne5+ 44. Ke3 Rxb7 45. axb7 Nc6 46. Kf4 a5 0-1

[Event "ESP-ch rapid"]
[Site "Linares"]
[Date "2019.08.24"]
[Round "9"]
[White "Garcia Sobrino, David"]
[Black "Gonzalez Trigal, Jose Luis"]
[Result "1/2-1/2"]
[WhiteElo "2195"]
[BlackElo "2352"]
[PlyCount "118"]
[EventDate "2019.08.24"]
[EventType "swiss (rapid)"]
[EventRounds "9"]
[EventCountry "ESP"]
[SourceTitle "EXT 2020"]
[Source "ChessBase"]
[SourceDate "2019.10.17"]
[SourceVersion "1"]
[SourceVersionDate "2019.10.17"]
[SourceQuality "1"]

1. e4 e5 2. Nf3 Nc6 3. Nc3 Nf6 4. d4 exd4 5. Nxd4 Bb4 6. Nxc6 bxc6 7. Bd3 0-0 8. 0-0 d5 9. exd5 cxd5 10. h3 c6 11. Qf3 Re8 12. Bf4 Qe7 13. a3 Bd6 14. Bxd6 Qxd6 15. Rfe1 Bd7 16. Qg3 Qxg3 17. fxg3 Rab8 18. b4 c5 19. bxc5 Rbc8 20. Rxe8+ Bxe8 21. Rb1 Rxc5 22. Ne2 g6 23. g4 Ba4 24. Nd4 Nd7 25. Rb7 Ra5 26. Bb5 Nb6 27. Bxa4 Rxa4 28. Nb5 Nc4 29. Rxa7 Rxa7 30. Nxa7 Nxa3 31. Nc6 Kf8 32. Nb4 d4 33. Kf2 Ke7 34. Nc6+ Kd6 35. Nxd4 Kd5 36. c3 Kc4 37. Ne2 Kd3 38. Kf3 f6 39. Nf4+ Kc4 40. Ne6 Kxc3 41. Nf8 Kd4 42. Kf4 Kd5 43. Nxh7 Ke6 44. g5 f5 45. h4 Nc4 46. Nf8+ Kf7 47. Nd7 Nd6 48. Ne5+ Kg7 49. g4 fxg4 50. Kxg4 Ne4 51. Nf3 Nd6 52. Kf4 Kf7 53. Ke5 Nc4+ 54. Kf4 Nd6 55. Ne5+ Kg7 56. Nf3 Kf7 57. Kg4 Ne4 58. h5 gxh5+ 59. Kxh5 Nxg5 1/2-1/2

[Event "Pontevedra op 7th"]
[Site "Pontevedra"]
[Date "2019.08.13"]
[Round "8"]
[White "Garcia Sobrino, David"]
[Black "Suarez Gomez, Julio"]
[Result "1/2-1/2"]
[WhiteElo "2195"]
[BlackElo "2433"]
[PlyCount "91"]
[EventDate "2019.08.08"]
[EventType "swiss"]
[EventRounds "9"]
[EventCountry "ESP"]
[SourceTitle "EXT 2020"]
[Source "ChessBase"]
[SourceDate "2019.10.17"]
[SourceVersion "1"]
[SourceVersionDate "2019.10.17"]
[SourceQuality "1"]

1. e4 c6 2. Nc3 d5 3. Nf3 g6 4. d4 Bg7 5. h3 dxe4 6. Nxe4 Nf6 7. Nxf6+ exf6 8. Bc4 0-0 9. 0-0 a5 10. a4 Na6 11. Re1 Nc7 12. c3 Nd5 13. Bd2 Be6 14. Bd3 Re8 15. Qc1 Qd7 16. h4 b6 17. Qc2 Qe7 18. Be4 Rac8 19. Qc1 Qd7 20. Qc2 Qd6 21. Qc1 Re7 22. c4 Nb4 23. c5 bxc5 24. dxc5 Qb8 25. Bf4 Qb7 26. Bd6 Ree8 27. Ra3 Bd5 28. Bb1 Qd7 29. Rxe8+ Rxe8 30. Re3 Bf8 31. Bxf8 Kxf8 32. Rxe8+ Qxe8 33. h5 Bxf3 34. gxf3 Qe5 35. h6 Ke7 36. f4 Qh5 37. f5 Qg4+ 38. Kh2 Nd5 39. Qe1+ Kd7 40. Be4 Qf4+ 41. Kg1 Qg4+ 42. Kf1 Qh4 43. Kg1 Qg4+ 44. Kf1 Qh3+ 45. Kg1 Qg4+ 46. Kf1 1/2-1/2

[Event "Pontevedra op 7th"]
[Site "Pontevedra"]
[Date "2019.08.11"]
[Round "5"]
[White "Garcia Sobrino, David"]
[Black "Maquieira Vidal, Alvaro"]
[Result "1-0"]
[WhiteElo "2195"]
[BlackElo "1969"]
[PlyCount "65"]
[EventDate "2019.08.08"]
[EventType "swiss"]
[EventRounds "9"]
[EventCountry "ESP"]
[SourceTitle "EXT 2020"]
[Source "ChessBase"]
[SourceDate "2019.10.17"]
[SourceVersion "1"]
[SourceVersionDate "2019.10.17"]
[SourceQuality "1"]

1. e4 c5 2. Nf3 d6 3. d4 cxd4 4. Nxd4 Nf6 5. Nc3 g6 6. Be3 Bg7 7. f3 0-0 8. Qd2 Nc6 9. 0-0-0 d5 10. Nxc6 bxc6 11. Bc4 Qc7 12. exd5 cxd5 13. Bxd5 Nxd5 14. Nxd5 Rb8 15. Bd4 Bxd4 16. Qxd4 Qb7 17. b3 Be6 18. Nf4 Qc6 19. Nxe6 Qxe6 20. Rhe1 Qa6 21. Kb1 Rb7 22. h4 Rfb8 23. h5 gxh5 24. Re5 Qg6 25. Qe3 Kf8 26. Rg5 Qc6 27. Qd4 f6 28. Rxh5 Rc8 29. Rd2 e5 30. Qd3 Kg8 31. Rh4 Rg7 32. Ra4 Qb7 33. Qd5+ 1-0

[Event "Pontevedra op-A 6th"]
[Site "Pontevedra"]
[Date "2018.08.12"]
[Round "6"]
[White "Horton, Andrew P"]
[Black "Garcia Sobrino, David"]
[Result "0-1"]
[WhiteElo "2408"]
[BlackElo "2211"]
[PlyCount "86"]
[EventDate "2018.08.08"]
[EventType "swiss"]
[EventRounds "9"]
[EventCountry "ESP"]
[SourceTitle "EXT 2021"]
[Source "ChessBase"]
[SourceDate "2020.10.23"]
[SourceVersion "1"]
[SourceVersionDate "2020.10.23"]
[SourceQuality "1"]

1. Nf3 Nf6 2. c4 e6 3. g3 d5 4. Bg2 Be7 5. 0-0 0-0 6. b3 b6 7. Bb2 c5 8. e3 Nc6 9. Nc3 Ba6 10. d3 Rc8 11. Qe2 Qd7 12. Rfd1 Rfd8 13. Bh3 Qb7 14. Rac1 Qb8 15. Bg2 Re8 16. Qe1 Red8 17. cxd5 Nxd5 18. Nxd5 exd5 19. Bh3 Rc7 20. Ne5 Bf6 21. Nxc6 Rxc6 22. Bxf6 Rxf6 23. Qd2 Qe5 24. Bg2 Qf5 25. Qc2 Qh5 26. b4 Rc8 27. bxc5 bxc5 28. Rb1 h6 29. Rb2 c4 30. dxc4 Bxc4 31. Rxd5 Qg4 32. Rd4 Qe6 33. Qd2 Ba6 34. Bd5 Qh3 35. Bg2 Qe6 36. Rc2 Rb8 37. Rd8+ Rxd8 38. Qxd8+ Kh7 39. Qd5 Qb6 40. Be4+ g6 41. Rc6 Qb2 42. Qd4 Qxf2+ 43. Kh1 Qf1# 0-1

[Event "Sanxenxo Carlos op 9th"]
[Site "Sanxenxo"]
[Date "2017.06.25"]
[Round "9"]
[White "Garcia Sobrino, David"]
[Black "Konguvel, Ponnuswamy"]
[Result "0-1"]
[WhiteElo "2239"]
[BlackElo "2391"]
[PlyCount "60"]
[EventDate "2017.06.17"]
[EventType "swiss"]
[EventRounds "9"]
[EventCountry "ESP"]
[SourceTitle "CBM 179 Extra"]
[Source "ChessBase"]
[SourceDate "2017.08.23"]
[SourceVersion "1"]
[SourceVersionDate "2017.08.23"]
[SourceQuality "1"]

1. e4 g6 2. d4 Bg7 3. Nc3 d6 4. f4 a6 5. Nf3 b5 6. Bd3 Nd7 7. e5 c5 8. Be4 Rb8 9. Be3 b4 10. Ne2 Qc7 11. c3 Nh6 12. h3 Bb7 13. Bxb7 Qxb7 14. 0-0 0-0 15. g4 bxc3 16. bxc3 cxd4 17. cxd4 Nb6 18. Qd3 Nd5 19. Bd2 f5 20. Rab1 Qa8 21. Ng5 fxg4 22. hxg4 Rxb1 23. Rxb1 Qc8 24. f5 gxf5 25. Qb3 e6 26. Nxh7 Kxh7 27. g5 Ng4 28. Kg2 dxe5 29. dxe5 Qc5 30. Qh3+ Kg6 0-1

[Event "Sanxenxo Carlos op 9th"]
[Site "Sanxenxo"]
[Date "2017.06.19"]
[Round "3"]
[White "Garcia Sobrino, David"]
[Black "Del Rio de Angelis, Salvador Gabriel"]
[Result "0-1"]
[WhiteElo "2239"]
[BlackElo "2524"]
[PlyCount "52"]
[EventDate "2017.06.17"]
[EventType "swiss"]
[EventRounds "9"]
[EventCountry "ESP"]
[SourceTitle "CBM 179 Extra"]
[Source "ChessBase"]
[SourceDate "2017.08.23"]
[SourceVersion "1"]
[SourceVersionDate "2017.08.23"]
[SourceQuality "1"]

1. e4 e6 2. d4 d5 3. Nd2 Nc6 4. Ngf3 Nf6 5. e5 Nd7 6. Nb3 a5 7. a4 f6 8. Bb5 fxe5 9. dxe5 Be7 10. Nfd4 Ndb8 11. Qh5+ g6 12. Qh6 Bf8 13. Qh3 Qe7 14. Qg3 Bg7 15. Be3 Bd7 16. Nf3 Qb4+ 17. Kf1 Ne7 18. Bd3 Nf5 19. Bxf5 exf5 20. Kg1 Na6 21. e6 Bxe6 22. Ng5 Kd7 23. Nxe6 Kxe6 24. Nc5+ Nxc5 25. Qxc7 Nd7 26. c4 Qxc4 0-1

[Event "Gallego-ch U18"]
[Site "Viveiro"]
[Date "2017.02.28"]
[Round "8"]
[White "Roma Barge, Gabriel"]
[Black "Garcia Sobrino, David"]
[Result "1-0"]
[WhiteElo "1976"]
[BlackElo "2279"]
[PlyCount "81"]
[EventDate "2017.02.25"]
[EventType "swiss"]
[EventRounds "8"]
[EventCountry "ESP"]
[SourceTitle "EXT 2024"]
[Source "ChessBase"]
[SourceDate "2023.10.10"]
[SourceVersion "1"]
[SourceVersionDate "2023.10.10"]
[SourceQuality "1"]

1. d4 e6 2. Nf3 Nf6 3. Bg5 c5 4. e3 b6 5. Nbd2 Bb7 6. Bd3 Be7 7. 0-0 0-0 8. h3 d6 9. c4 Nbd7 10. Re1 Rc8 11. Bf4 Re8 12. Bh2 Bf8 13. Bf1 Rc7 14. Rc1 Qa8 15. b3 Rcc8 16. g4 Red8 17. Bg2 Be7 18. Nh4 d5 19. g5 Ne4 20. Nxe4 dxe4 21. Qg4 a5 22. a4 Nf8 23. Rcd1 cxd4 24. exd4 Bb4 25. Re3 Rd7 26. Bxe4 Rcd8 27. Bxb7 Qxb7 28. Qe4 Qxe4 29. Rxe4 Ng6 30. Nxg6 hxg6 31. Bf4 Bd6 32. Be3 Bc5 33. Kg2 Rd6 34. dxc5 Rxd1 35. cxb6 Kf8 36. c5 Ke7 37. c6 Kd6 38. Rc4 Rd3 39. c7 Rc8 40. b7 Kd7 41. b8Q 1-0

[Event "Mondariz Balneario op 3rd"]
[Site "Mondariz Balneario"]
[Date "2016.08.23"]
[Round "8.4"]
[White "Garcia Sobrino, David"]
[Black "Maquieira Vidal, Alvaro"]
[Result "1-0"]
[WhiteElo "2087"]
[BlackElo "2091"]
[PlyCount "63"]
[EventDate "2016.08.17"]
[EventType "swiss"]
[EventRounds "9"]
[EventCountry "ESP"]
[SourceTitle "EXT 2024"]
[Source "ChessBase"]
[SourceDate "2023.10.10"]
[SourceVersion "1"]
[SourceVersionDate "2023.10.10"]
[SourceQuality "1"]

1. e4 c5 2. Nf3 d6 3. d4 cxd4 4. Nxd4 Nf6 5. Nc3 g6 6. Be3 Bg7 7. f3 0-0 8. Qd2 Nc6 9. g4 h5 10. g5 Nd7 11. 0-0-0 Qa5 12. h4 Nc5 13. Kb1 Nxd4 14. Bxd4 Bxd4 15. Qxd4 Ne6 16. Qe3 Nc7 17. f4 b5 18. f5 b4 19. Nd5 Nxd5 20. Rxd5 Qc7 21. Bh3 e6 22. Rdd1 exf5 23. exf5 a5 24. fxg6 fxg6 25. Qe4 Qf7 26. Rxd6 Bxh3 27. Rxg6+ Qxg6 28. Qxg6+ Kh8 29. Qxh5+ Kg8 30. Qg6+ Kh8 31. Qh5+ Kg8 32. g6 1-0

[Event "ESP-ch U18"]
[Site "Granada"]
[Date "2016.07.27"]
[Round "4"]
[White "Garcia Sobrino, David"]
[Black "Domingo Nunez, Alejandro"]
[Result "1-0"]
[WhiteElo "2110"]
[BlackElo "2334"]
[PlyCount "59"]
[EventDate "2016.07.25"]
[EventType "swiss"]
[EventRounds "9"]
[EventCountry "ESP"]
[SourceTitle "EXT 2024"]
[Source "ChessBase"]
[SourceDate "2023.10.10"]
[SourceVersion "1"]
[SourceVersionDate "2023.10.10"]
[SourceQuality "1"]

1. e4 e6 2. d4 d5 3. Nd2 a6 4. Ngf3 Nf6 5. e5 Nfd7 6. c3 c5 7. Bd3 Nc6 8. 0-0 g5 9. Nb3 Be7 10. Nxc5 Nxc5 11. dxc5 g4 12. Nd4 Nxe5 13. Bh6 Bf6 14. Re1 Nxd3 15. Qxd3 Qc7 16. Qf5 Qe7 17. Qxg4 Qxc5 18. Qf4 Be7 19. Nf3 Qd6 20. Ne5 f6 21. Bg7 Rf8 22. Bxf8 Kxf8 23. Qh6+ Kg8 24. Re3 fxe5 25. Rg3+ Kf7 26. Qh5+ Kf8 27. Rf3+ Bf6 28. Rxf6+ Ke7 29. Rf7+ Kd8 30. Qg5+ 1-0

[Event "Galego-ch"]
[Site "Padron"]
[Date "2016.03.23"]
[Round "5.3"]
[White "Garcia Sobrino, David"]
[Black "Pazos Porta, Antonio"]
[Result "0-1"]
[WhiteElo "2121"]
[BlackElo "2317"]
[PlyCount "72"]
[EventDate "2016.03.19"]
[EventType "swiss"]
[EventRounds "7"]
[EventCountry "ESP"]
[SourceTitle "EXT 2024"]
[Source "ChessBase"]
[SourceDate "2023.10.10"]
[SourceVersion "1"]
[SourceVersionDate "2023.10.10"]
[SourceQuality "1"]

1. e4 c5 2. Nf3 d6 3. d4 cxd4 4. Nxd4 Nf6 5. Nc3 g6 6. g3 Nc6 7. Nde2 Bg4 8. Bg2 Bg7 9. h3 Bxe2 10. Qxe2 0-0 11. 0-0 Nd7 12. Nd5 Nc5 13. c3 Rb8 14. Be3 e6 15. Nf4 b5 16. Rfd1 Qc7 17. Qd2 Rfd8 18. Rac1 a5 19. Ne2 a4 20. Bd4 Ne5 21. Qc2 Qe7 22. b3 Rdc8 23. f4 Nc6 24. Bxg7 Kxg7 25. Nd4 Nxd4 26. Rxd4 e5 27. fxe5 dxe5 28. Rd5 axb3 29. axb3 Ne6 30. Qd2 b4 31. Kh2 bxc3 32. Rxc3 Nd4 33. Qb2 Rxc3 34. Qxc3 Rxb3 35. Qd2 Qf6 36. Qd1 Qf2 0-1

[Event "Pontevedra op 4th"]
[Site "Pontevedra"]
[Date "2015.12.30"]
[Round "8"]
[White "Garcia Sobrino, David"]
[Black "Pazos Porta, Antonio"]
[Result "1/2-1/2"]
[WhiteElo "2081"]
[BlackElo "2350"]
[PlyCount "73"]
[EventDate "2015.12.26"]
[EventType "swiss"]
[EventRounds "9"]
[EventCountry "ESP"]
[SourceTitle "CBM 170 Extra"]
[Source "ChessBase"]
[SourceDate "2016.02.25"]
[SourceVersion "1"]
[SourceVersionDate "2016.02.25"]
[SourceQuality "1"]

1. e4 e6 2. d4 d5 3. Nd2 Nf6 4. e5 Nfd7 5. c3 c5 6. Bd3 Nc6 7. Ne2 cxd4 8. cxd4 f6 9. exf6 Nxf6 10. Nf3 Bd6 11. 0-0 0-0 12. Bf4 Bxf4 13. Nxf4 Ne4 14. Qc1 Ng5 15. Nxg5 Qxg5 16. Ne2 Qf6 17. Qd2 Bd7 18. Bb5 Nb8 19. a4 Bc6 20. Qb4 a6 21. Bd3 Nd7 22. f4 a5 23. Qd2 Qh6 24. Rf3 g6 25. Rh3 Qg7 26. Qe3 Rfe8 27. Kh1 Nb6 28. b3 Nc8 29. Ng1 Nd6 30. Nf3 Nf7 31. Rf1 Bd7 32. Ne5 Nxe5 33. fxe5 Rf8 34. Rhf3 Rxf3 35. Rxf3 Rf8 36. Kg1 Rxf3 37. Qxf3 1/2-1/2

[Event "Mondariz Cemar op 2nd"]
[Site "Mondariz"]
[Date "2015.08.18"]
[Round "3"]
[White "Fernandez Lopez, Ruben"]
[Black "Garcia Sobrino, David"]
[Result "0-1"]
[WhiteElo "1795"]
[BlackElo "2026"]
[PlyCount "58"]
[EventDate "2015.08.16"]
[EventType "swiss"]
[EventRounds "9"]
[EventCountry "ESP"]
[SourceTitle "EXT 2019"]
[Source "ChessBase"]
[SourceDate "2018.10.10"]
[SourceVersion "1"]
[SourceVersionDate "2018.10.10"]
[SourceQuality "1"]

1. e4 e6 2. d4 d5 3. Nd2 Nf6 4. e5 Nfd7 5. Bd3 c5 6. c3 Nc6 7. Ne2 cxd4 8. cxd4 f6 9. exf6 Nxf6 10. 0-0 Bd6 11. Nf3 0-0 12. Ng3 e5 13. dxe5 Nxe5 14. Nxe5 Bxe5 15. Nh5 Ng4 16. g3 Qb6 17. Qc2 Nxf2 18. Bxh7+ Kh8 19. Bf4 Bxf4 20. Nxf4 Rxf4 21. gxf4 Ne4+ 22. Kh1 Kxh7 23. Rac1 Bf5 24. Qe2 Qh6 25. Qf3 Nd2 26. Qe2 Be4+ 27. Kg1 Qg6+ 28. Kf2 Qg2+ 29. Ke3 Nc4+ 0-1

[Event "Pontevedra op 3rd"]
[Site "Pontevedra"]
[Date "2015.08.13"]
[Round "7"]
[White "Espineira Gonzalez, Diego Adrian"]
[Black "Garcia Sobrino, David"]
[Result "1-0"]
[WhiteElo "2380"]
[BlackElo "2026"]
[PlyCount "45"]
[EventDate "2015.08.09"]
[EventType "swiss"]
[EventRounds "9"]
[EventCountry "ESP"]
[SourceTitle "EXT 2016"]
[Source "ChessBase"]
[SourceDate "2015.10.08"]
[SourceVersion "1"]
[SourceVersionDate "2015.10.08"]
[SourceQuality "1"]

1. d4 Nf6 2. c4 g6 3. Nc3 Bg7 4. e4 d6 5. f3 0-0 6. Be3 e5 7. Nge2 c6 8. Qd2 Nbd7 9. 0-0-0 a6 10. dxe5 Nxe5 11. Ng3 Be6 12. Qxd6 Nfd7 13. f4 Ng4 14. Bd4 Bxd4 15. Qxd4 Qa5 16. h3 Nc5 17. hxg4 Rad8 18. Qe3 Rxd1+ 19. Kxd1 Rd8+ 20. Kc1 Bxg4 21. Kb1 Na4 22. Be2 Bxe2 23. Ncxe2 1-0

[Event "Pontevedra op 3rd"]
[Site "Pontevedra"]
[Date "2015.08.11"]
[Round "4"]
[White "Garcia Sobrino, David"]
[Black "Kantans, Toms"]
[Result "0-1"]
[WhiteElo "2026"]
[BlackElo "2481"]
[PlyCount "94"]
[EventDate "2015.08.09"]
[EventType "swiss"]
[EventRounds "9"]
[EventCountry "ESP"]
[SourceTitle "EXT 2016"]
[Source "ChessBase"]
[SourceDate "2015.10.08"]
[SourceVersion "1"]
[SourceVersionDate "2015.10.08"]
[SourceQuality "1"]

1. e4 d5 2. exd5 Qxd5 3. Nc3 Qd6 4. d4 g6 5. Nf3 Bg7 6. Ne4 Qb6 7. c3 Nf6 8. Nxf6+ Bxf6 9. Bd3 0-0 10. 0-0 c5 11. dxc5 Qxc5 12. Be3 Qc7 13. h3 Nc6 14. Qe2 Rd8 15. Rfd1 b6 16. Rd2 Bb7 17. Rad1 Na5 18. Bd4 Bxf3 19. Qxf3 Bxd4 20. cxd4 Qd6 21. d5 Rac8 22. Qe4 Nb7 23. b4 Qf6 24. Bb5 Nd6 25. Qe2 Nxb5 26. Qxb5 Rc7 27. a4 Rcd7 28. a5 bxa5 29. bxa5 Qe5 30. Qb4 Qd6 31. Qc4 h5 32. Rd4 Rc7 33. Qd3 a6 34. g3 Rc5 35. Qd2 Rd7 36. Qa2 Qc7 37. Ra1 e6 38. Qe2 Rdxd5 39. Rxd5 Rxd5 40. Qxa6 Qc3 41. Ra2 Rd1+ 42. Kg2 Qe1 43. Qc8+ Kh7 44. Kf3 Qh1+ 45. Kf4 Qd5 46. Qc2 Rd3 47. Qxd3 Qxd3 0-1

[Event "ESP-ch U16"]
[Site "Salobrena"]
[Date "2015.07.24"]
[Round "7"]
[White "Esquivias Quintero, Luis Manuel"]
[Black "Garcia Sobrino, David"]
[Result "1-0"]
[WhiteElo "2134"]
[BlackElo "2011"]
[PlyCount "67"]
[EventDate "2015.07.20"]
[EventType "swiss"]
[EventRounds "9"]
[EventCountry "ESP"]
[SourceTitle "EXT 2016"]
[Source "ChessBase"]
[SourceDate "2015.10.08"]
[SourceVersion "1"]
[SourceVersionDate "2015.10.08"]
[SourceQuality "1"]

1. e4 c5 2. Nc3 e6 3. Nf3 Nc6 4. d4 cxd4 5. Nxd4 Qc7 6. Be3 a6 7. Qd2 Nf6 8. 0-0-0 Be7 9. f3 0-0 10. g4 Rd8 11. g5 Ne8 12. Kb1 b5 13. Nxc6 Qxc6 14. Qf2 Rb8 15. Ne2 b4 16. Nd4 Qc7 17. h4 d5 18. e5 Bd7 19. f4 Qb7 20. h5 Nc7 21. g6 Nb5 22. h6 fxg6 23. hxg7 Kxg7 24. Qh2 Rh8 25. f5 exf5 26. e6 Nc3+ 27. bxc3 bxc3+ 28. Nb3 Bxe6 29. Bd4+ Bf6 30. Qh6+ Kf7 31. Qxh7+ Rxh7 32. Rxh7+ Ke8 33. Rxb7 Rxb7 34. Bxf6 1-0